[Event "CZE-chT2E 2122"]
[Site "Czech Republic"]
[Date "2021.10.17"]
[Round "1.8"]
[White "Nikodem, Gustav"]
[Black "Pekarkova, Eva"]
[Result "1-0"]
[WhiteElo "2004"]
[BlackElo "1887"]
[PlyCount "101"]
[EventDate "2021.10.17"]
[EventType "team-tourn"]
[EventRounds "11"]
[EventCountry "CZE"]
[SourceTitle "EXT 2024"]
[Source "ChessBase"]
[SourceDate "2023.10.10"]
[SourceVersion "1"]
[SourceVersionDate "2023.10.10"]
[SourceQuality "1"]
[WhiteTeam "Jundrov Jezdci II"]
[BlackTeam "Jundrov Jezdci"]
[WhiteTeamCountry "CZE"]
[BlackTeamCountry "CZE"]

1. d4 Nf6 2. Nf3 g6 3. g3 Bg7 4. Bg2 d5 5. c4 c6 6. Nc3 0-0 7. 0-0 Bf5 8. Qb3 b6 9. Bf4 e6 10. Rac1 Nbd7 11. cxd5 exd5 12. Ne5 Nxe5 13. Bxe5 Rc8 14. Rfe1 Qd7 15. a4 Bh3 16. Bf3 Ng4 17. Bxg7 Kxg7 18. a5 Rfe8 19. axb6 axb6 20. Na4 Rb8 21. Qc2 Rec8 22. Nc3 Nf6 23. Ra1 Bf5 24. Qd2 Be4 25. Nxe4 Nxe4 26. Qf4 f5 27. Ra6 Qc7 28. Qxc7+ Rxc7 29. Rc1 c5 30. b3 c4 31. Bxe4 fxe4 32. Kf1 Kf7 33. Ke1 Ke7 34. Kd2 b5 35. b4 Rf8 36. Ke3 Rb7 37. Rca1 Kd7 38. R1a3 g5 39. Rh6 Rf7 40. Rh5 Rg7 41. h4 Rc7 42. Kd2 Ke6 43. hxg5 Kf5 44. g6+ Kxg6 45. Rxd5 Rgd7 46. Ra6+ Kg7 47. Rg5+ Kf7 48. Kc3 Rb7 49. Ra5 Ra7 50. Rgxb5 Rac7 51. Re5 1-0